| 000 | 00847nas a2200277 4500 | ||
|---|---|---|---|
| 001 | BR9701017 | ||
| 003 | BR-BrBNA | ||
| 005 | 20231205100001.0 | ||
| 007 | ta | ||
| 008 | 230509b bl.|||p| |||| 00| 00por d | ||
| 040 |
_aBR-BrBNA _bpor _cBiblioteca Nacional de Agricultura |
||
| 041 | _a(Pt) | ||
| 072 | _aF01; F02 | ||
| 100 | 1 | _aGirardi, C.L. | |
| 100 | 1 | _aSartoretto, L.M. | |
| 100 | 1 | _aCamacho, M.J. | |
| 100 | 1 | _aFortes, G.R. de L. | |
| 100 | 1 | _aSantos Filho, B.G. dos | |
| 245 | 1 | _aEfeito de auxinas e da luz no enraizamento "in vitro" de macieira (Malus domestica, Borkh) | |
| 650 | _aMaca | ||
| 650 | _aEnraizamento | ||
| 650 | _aAuxina | ||
| 773 | 0 |
_tRevista Brasileira de Fruticultura (Brazil) _xISSN 0100-2945 _g(Aug 1995), v. 17(2) p. 51-58 _wBR9701017 |
|
| 909 |
_a202311 _bLúcia _c55 _dLúcia Elande |
||
| 942 |
_2AGRIS _n0 _cANA |
||
| 999 |
_c153812 _d153812 |
||